Japan : Its land, people and culture

Spremljeno u:
Bibliografski detalji
Format: Knjiga
Jezik:Undetermined
Izdano: [Tokyo] Bureau, Ministry of Finance 1964
Teme:
Oznake: Dodaj oznaku
Bez oznaka, Budi prvi tko označuje ovaj zapis!
Thư viện lưu trữ: Trung tâm Học liệu Trường Đại học Cần Thơ
LEADER 00496nam a2200181Ia 4500
001 CTU_112271
008 210402s9999 xx 000 0 und d
082 |a 952 
082 |b J35 
245 0 |a Japan : 
245 0 |b Its land, people and culture 
245 0 |c Compiled by Japanese National Commission for UNESCO 
260 |a [Tokyo] 
260 |b Bureau, Ministry of Finance 
260 |c 1964 
650 |a Japan 
904 |i M.Loan 
980 |a Trung tâm Học liệu Trường Đại học Cần Thơ